| 000 | 00335nam a22001337a 4500 | ||
|---|---|---|---|
| 008 | 230703b xxu||||| |||| 00| 0 eng d | ||
| 020 | _a0160752175 | ||
| 082 |
_a352.4 _bUSA |
||
| 100 | _cU.S government | ||
| 245 | _aFiscal year 2007 Budget of the U.S Government | ||
| 260 |
_bU.S Government _c2006 |
||
| 300 | _a346p | ||
| 942 |
_2ddc _cBK |
||
| 999 |
_c3159 _d3159 |
||